Durabilidad del concreto / (Registro nro. 9844)
[ vista simple ]
| 000 -LEADER | |
|---|---|
| Campo de control de longitud fija | 01151nam a22003017a 4500 |
| 003 - IDENTIFICADOR DEL NÚMERO DE CONTROL | |
| Campo de control | PE SENCICO BE |
| 005 - FECHA Y HORA DE LA ÚLTIMA TRANSACCIÓN | |
| Campo de control | 20260305154333.0 |
| 008 - ELEMENTOS DE LONGITUD FIJA - INFORMACIÓN GENERAL | |
| Campo de control de longitud fija | 260212b |||||||| |||| 00| 0 eng d |
| 020 ## - ISBN | |
| ISBN | 968-18-2818 |
| 040 ## - FUENTE DE CATALOGACIÓN | |
| Origen de catalogación | PE SENCICO BE |
| Agencia que realiza la transcripción | PE SENCICO BE |
| 041 ## - CÓDIGO DE IDIOMA | |
| Idioma del texto | spa |
| 082 ## - NÚMERO DE CLASIFICACIÓN DECIMAL DEWEY | |
| Código de Clasificación Dewey | 624.1834 |
| Notación Interna | I5D |
| Año de la edición | 1989 |
| 110 1# - ASIENTO PRINCIPAL--NOMBRE CORPORATIVO | |
| Autor Corporativo | Instituto Mexicano del Cemento y del Concreto |
| 9 (RLIN) | 192 |
| Término Relacionado | autor |
| 245 1# - MENCIÓN DEL TITULO | |
| Título | Durabilidad del concreto / |
| Mención de responsabilidad | Instituto Mexicano del Cemento y del Concreto, José Juan Dávila, Isabel Guevara, ...[y otros] |
| 250 ## - MENCIÓN DE EDICIÓN | |
| Edición | 4a ed,. |
| 260 ## - PUBLICACIÓN, DISTRIBUCIÓN, ETC. (PIE DE IMPRENTA) | |
| Lugar de publicación, distribución, etc. | México. D. F. : |
| Nombre de la Editorial, Distribuidor, etc. | Limusa ; |
| Fecha de publicación, distribución, etc. | 1989 |
| 300 ## - DESCRIPCIÓN FÍSICA | |
| Paginación | 87 páginas : |
| Dimensión | 23 cm. |
| 505 0# - NOTA DE CONTENIDO CON FORMATO PREESTABLECIDOE | |
| Contenido o índice | Congelamiento y deshielo -- Abrasión -- Corrosión del acero |
| 520 3# - NOTA DE RESUMEN, ETC. | |
| Resumen, etc. | Se discuten con alguna profundidad las principales causas del deterioro del concreto y se proporcionan recomendaciones para prevenirlas. |
| 650 10 - ASIENTO SECUNDARIO DE MATERIA - TERMINO TEMÁTICO | |
| Término de tema o elemento de entrada de nombre geográfico | Concreto |
| 9 (RLIN) | 309 |
| 650 10 - ASIENTO SECUNDARIO DE MATERIA - TERMINO TEMÁTICO | |
| Término de tema o elemento de entrada de nombre geográfico | Curado del concreto |
| 9 (RLIN) | 376 |
| 650 10 - ASIENTO SECUNDARIO DE MATERIA - TERMINO TEMÁTICO | |
| Término de tema o elemento de entrada de nombre geográfico | Tecnología del concreto |
| 9 (RLIN) | 477 |
| 650 10 - ASIENTO SECUNDARIO DE MATERIA - TERMINO TEMÁTICO | |
| Término de tema o elemento de entrada de nombre geográfico | PUB IMCYC |
| 9 (RLIN) | 566 |
| 700 1# - ASIENTO SECUNDARIO--NOMBRE PERSONAL | |
| Autor Personal | Dávila, Juan José |
| 9 (RLIN) | 235 |
| Término de relación | autor |
| 700 1# - ASIENTO SECUNDARIO--NOMBRE PERSONAL | |
| Autor Personal | Guevara, Isabel |
| 9 (RLIN) | 236 |
| Término de relación | autor |
| 910 ## - RESPONSABLE DEL REGISTRO | |
| Coordinador de procesamiento de la información | hfp |
| 942 ## - ELEMENTOS DE KOHA | |
| Fuente de clasificación o esquema de estanterías | Dewey Decimal Classification |
| Tipo de documento | Libros |
| 999 ## - | |
| -- | 9844 |
| -- | 9844 |
| Estado Retiro | Estado Perdido | Sistema de Clasificación o Esquema de Estantería | Estado Dañado | No es para préstamo | Ubicación Permanente | Ubicación Actual | Fecha de adquisición | Total Checkouts | Signatura topográfica completa | Código de Barras | Date last seen | Precio efectivo desde | Tipo de ítem |
|---|---|---|---|---|---|---|---|---|---|---|---|---|---|
| Dewey Decimal Classification | Biblioteca Piura | Biblioteca Piura | 12/02/2026 | 624.1834/I5D/1989 | BibZpiur26022640 | 12/02/2026 | 12/02/2026 | Libros |